Elle Fanning - All Movies - Statistics

General Stats
  • This quiz has been taken 6 times
  • The average score is 4 of 41
Answer Stats
Year Movie % Correct
2025 Predator: Badlands
50%
2016 The Neon Demon
50%
2014 Maleficent
33%
2019 Maleficent: Mistress of Evil
33%
2010 The Nutcracker: The Untold Story
33%
2016 20th Century Women
17%
2024 A Complete Unknown
17%
2009 Astro Boy
17%
2001 I Am Sam
17%
2016 Leap!
17%
2017 Mary Shelley
17%
2008 Phoebe in Wonderland
17%
2025 Sentimental Value
17%
2018 Teen Spirit
17%
2014 The Boxtrolls
17%
2007 The Nines
17%
2011 We Bought a Zoo
17%
2015 3 Generations
0%
2020 All the Bright Places
0%
2019 A Rainy Day in New York
0%
2006 Babel
0%
2005 Because of Winn-Dixie
0%
2003 Daddy Day Care
0%
2006 Deja Vu
0%
2018 Galveston
0%
2012 Ginger & Rosa
0%
2017 How to Talk to Girls at Parties
0%
2018 I Think We're Alone Now
0%
2006 I Want Someone to Eat Cheese With
0%
2016 Live by Night
0%
2014 Low Down
0%
2007 Reservation Road
0%
2011 Super 8
0%
2017 The Beguiled
0%
2008 The Curious Case of Benjamin Button
0%
2004 The Door in the Floor
0%
2020 The Roads Not Taken
0%
2017 The Vanishing of Sidney Hall
0%
2015 Trumbo
0%
2011 Twixt
0%
2014 Young Ones
0%
No matching quizzes found
Score Distribution
Percent of People with Each Score
Percentile by Number Answered
Your Score History
You have not taken this quiz